[Event "XIX Weekend C"]
[Site "Ceriano Laghetto ITA"]
[Date "2010.03.??"]
[Round "1"]
[White "Monticelli, Francesco"]
[Black "Zannini, Luigi"]
[Result "0-1"]
[WhiteElo "1590"]
[BlackElo "1446"]
[PlyCount "58"]
[EventDate "2010.03.26"]

1. e4 e5 2. Nf3 Nc6 3. Bc4 Bc5 4. c3 d6 5. d4 exd4 6. cxd4 Bb4+ 7. Nc3 Bg4 8.
Bxf7+ Kxf7 9. Qb3+ Ke8 10. Ng5 Bh5 11. O-O Nf6 12. Nd5 Ba5 13. Ne6 Qd7 14. Qxb7
Kf7 15. Ng5+ Kg6 16. Qxc6 Rhe8 17. Qc2 Bg4 18. f3 Be6 19. Nxe6 Rxe6 20. Nf4+
Kf7 21. Nxe6 Qxe6 22. b3 Bb6 23. Bb2 Rc8 24. Kh1 Ke7 25. d5 Qf7 26. Rac1 Kd8
27. Rfd1 Nh5 28. e5 Ng3+ 29. hxg3 Qh5# 0-1

[Event "XIX Weekend C"]
[Site "Ceriano Laghetto ITA"]
[Date "2010.03.??"]
[Round "1"]
[White "Serrao, Piergiorgio"]
[Black "Urso, Emanuele"]
[Result "1-0"]
[WhiteElo "1497"]
[BlackElo "1398"]
[PlyCount "89"]
[EventDate "2010.03.26"]

1. d4 e6 2. c4 Nc6 3. Nc3 Bb4 4. Nf3 Bxc3+ 5. bxc3 d6 6. Bg5 Nge7 7. e3 h6 8.
Bh4 Qd7 9. Bd3 b6 10. Qc2 Nf5 11. O-O g5 12. Bg3 Nxg3 13. hxg3 Bb7 14. d5 exd5
15. Bf5 Qe7 16. cxd5 Ne5 17. Nxe5 Qxe5 18. Qa4+ Kf8 19. Qd7 Qxd5 20. e4 Qe5 21.
Qxc7 Bxe4 22. Bxe4 Qxe4 23. Qxd6+ Qe7 24. Qd4 f6 25. Rad1 Kg7 26. Rfe1 Qf7 27.
Qb4 Rhe8 28. Rxe8 Rxe8 29. Qa4 Re7 30. Kf1 h5 31. a3 Rc7 32. Qb4 Rd7 33. Rd4
Kh6 34. a4 a6 35. Qxb6 Rb7 36. Qd6 Rb1+ 37. Ke2 Qe8+ 38. Kf3 Rb3 39. Qxf6+ Qg6
40. Qf8+ Qg7 41. Rd6+ Kh7 42. Qf5+ Kh8 43. Rd8+ Qg8 44. Rxg8+ Kxg8 45. Qe6+ 1-0

[Event "XIX Weekend C"]
[Site "Ceriano Laghetto ITA"]
[Date "2010.03.??"]
[Round "1"]
[White "Vergano, Riccardo"]
[Black "Madaschi, Sergio"]
[Result "1-0"]
[WhiteElo "1411"]
[BlackElo "1541"]
[PlyCount "63"]
[EventDate "2010.03.26"]

1. d4 Nf6 2. c4 e6 3. Nc3 d5 4. Bg5 Nbd7 5. e3 Be7 6. Nf3 c6 7. Bd3 dxc4 8.
Bxc4 b5 9. Bd3 Bb7 10. O-O a6 11. Ne5 h6 12. Nxd7 Qxd7 13. Bh4 O-O 14. Ne4 Nxe4
15. Bxe7 Qxe7 16. Bxe4 Rac8 17. Qd3 Rfd8 18. f4 c5 19. f5 cxd4 20. exd4 Bxe4
21. Qxe4 Qa7 22. Rad1 Re8 23. f6 g6 24. Qe3 Kh7 25. Kh1 Red8 26. b3 Rc7 27. Rf3
Rcd7 28. Rh3 h5 29. Qg5 Rd5 30. Rxh5+ Kg8 31. Qh6 Rxh5 32. Qg7# 1-0

[Event "XIX Weekend C"]
[Site "Ceriano Laghetto ITA"]
[Date "2010.03.??"]
[Round "2"]
[White "Annoni, Tiziano"]
[Black "Bertuolo, Sergio"]
[Result "1-0"]
[WhiteElo "1473"]
[BlackElo "1559"]
[PlyCount "61"]
[EventDate "2010.03.26"]

1. e4 e6 2. d4 d5 3. Nc3 Bb4 4. Bd3 dxe4 5. Bxe4 Nf6 6. Bd3 Nd5 7. Nge2 c5 8.
dxc5 Bd7 9. Bd2 Bxc5 10. Nxd5 exd5 11. O-O Nc6 12. Nf4 Ne7 13. Re1 Bc6 14. Qg4
Qb6 15. Be3 Bxe3 16. Rxe3 d4 17. Re2 Kd8 18. Qg5 Qc7 19. Rae1 Re8 20. Bxh7 Qd6
21. Bd3 Qh6 22. Qe5 Kc8 23. Qxd4 Qg5 24. Qe5 Qxe5 25. Rxe5 Kd7 26. Bc4 f6 27.
R5e3 g5 28. Nh5 Ng8 29. Rxe8 Rxe8 30. Rxe8 Ne7 31. Nxf6+ 1-0

[Event "XIX Weekend C"]
[Site "Ceriano Laghetto ITA"]
[Date "2010.03.??"]
[Round "2"]
[White "Lisimberti, Giuseppe"]
[Black "Monticelli, Francesco"]
[Result "0-1"]
[WhiteElo "1413"]
[BlackElo "1590"]
[PlyCount "76"]
[EventDate "2010.03.26"]

1. e4 c6 2. Nf3 d5 3. e5 Bf5 4. d4 e6 5. Bd3 Bxd3 6. Qxd3 Nd7 7. O-O Qb6 8.
Nbd2 c5 9. c4 cxd4 10. Re1 dxc4 11. Nxc4 Qc6 12. Nxd4 Qd5 13. b3 Bc5 14. Bb2
Ne7 15. Rad1 O-O 16. Qg3 Ng6 17. Nf3 Qc6 18. Bc1 Be7 19. Ng5 Bxg5 20. Bxg5 b5
21. Rd6 Qc7 22. Rxd7 Qxd7 23. Nd6 Nxe5 24. Rd1 Qc7 25. Qe3 Ng6 26. Qe2 a6 27.
g3 Qc5 28. Ne4 Qa7 29. Be3 Qe7 30. Bc5 Qc7 31. b4 Rfd8 32. Bd6 Qc4 33. Qxc4
bxc4 34. Rc1 f5 35. Ng5 Rxd6 36. Rxc4 h6 37. Nf3 Ne7 38. Ne5 Rc8 0-1

[Event "XIX Weekend C"]
[Site "Ceriano Laghetto ITA"]
[Date "2010.03.??"]
[Round "2"]
[White "Madaschi, Sergio"]
[Black "Molinelli, Luigi"]
[Result "1-0"]
[WhiteElo "1541"]
[BlackElo "1113"]
[PlyCount "50"]
[EventDate "2010.03.26"]

1. e4 e6 2. Qe2 c5 3. Nf3 Nc6 4. g3 Nf6 5. Nc3 b6 6. d3 Be7 7. e5 Nd5 8. Nxd5
exd5 9. Bg2 d4 10. O-O Qc7 11. Bf4 O-O 12. Rfe1 Bb7 13. a3 Qc8 14. h4 Re8 15.
Nh2 Nd8 16. Bxb7 Nxb7 17. Qg4 Bf8 18. Bh6 Nd8 19. Bd2 Ne6 20. Nf3 g6 21. h5 f5
22. exf6 Qd8 23. f7+ Kxf7 24. Ne5+ Kg8 25. hxg6 h6 1-0

[Event "XIX Weekend C"]
[Site "Ceriano Laghetto ITA"]
[Date "2010.03.??"]
[Round "2"]
[White "Urso, Emanuele"]
[Black "Cervi, Massimiliano"]
[Result "0-1"]
[WhiteElo "1398"]
[BlackElo "1440"]
[PlyCount "48"]
[EventDate "2010.03.26"]

1. e4 c5 2. Nf3 a6 3. Nc3 Nc6 4. d4 cxd4 5. Nxd4 d6 6. Nxc6 bxc6 7. e5 Bd7 8.
exd6 exd6 9. Qe2+ Be6 10. Bf4 Nf6 11. h3 Be7 12. Ne4 O-O 13. O-O-O d5 14. Ng5
Bd6 15. g3 Bxf4+ 16. gxf4 Re8 17. Nxe6 Rxe6 18. Qf3 Qb6 19. b3 Ne4 20. Rh2 Rae8
21. Re1 Qb4 22. Re2 d4 23. Qd3 Qa3+ 24. Kb1 Nc3+ 0-1

[Event "XIX Weekend C"]
[Site "Ceriano Laghetto ITA"]
[Date "2010.03.??"]
[Round "2"]
[White "Vuckovic, Dimitrije"]
[Black "Vergano, Riccardo"]
[Result "1-0"]
[WhiteElo "1577"]
[BlackElo "1411"]
[PlyCount "69"]
[EventDate "2010.03.26"]

1. Nf3 d5 2. c4 d4 3. g3 c5 4. Bg2 Nc6 5. a3 e5 6. d3 Bd6 7. Nbd2 Nge7 8. Ne4
O-O 9. Bd2 f5 10. Nxd6 Qxd6 11. O-O f4 12. Ng5 b6 13. Ne4 Qg6 14. Qe1 Qh5 15.
b4 cxb4 16. axb4 Bg4 17. f3 Bh3 18. g4 Qh6 19. Qf2 Rac8 20. b5 Nb8 21. Rxa7 Ng6
22. Bb4 Rfd8 23. Nd6 Rxd6 24. Bxd6 Rd8 25. Bc7 Rc8 26. Bxb6 Nf8 27. Bc7 Nbd7
28. Rb1 Bxg2 29. Qxg2 Qe6 30. Ra6 Qe7 31. b6 Nc5 32. Ra7 Nfd7 33. b7 Rf8 34.
b8=Q Nxb8 35. Bxb8 1-0

[Event "XIX Weekend C"]
[Site "Ceriano Laghetto ITA"]
[Date "2010.03.??"]
[Round "2"]
[White "Zannini, Luigi"]
[Black "Serrao, Piergiorgio"]
[Result "0-1"]
[WhiteElo "1446"]
[BlackElo "1497"]
[PlyCount "42"]
[EventDate "2010.03.26"]

1. e4 e6 2. d4 d5 3. e5 c5 4. b3 cxd4 5. Nf3 Nc6 6. Bb5 Qa5+ 7. Bd2 Qxb5 8. a4
Qb6 9. O-O Bc5 10. Na3 a6 11. Re1 Nge7 12. Qe2 O-O 13. Qd3 Ng6 14. Nb1 Bd7 15.
Kh1 Rac8 16. Re2 Qc7 17. c3 Ncxe5 18. Nxe5 Nxe5 19. Qg3 d3 20. Rxe5 Bd6 21. Bh6
Bxe5 0-1

[Event "XIX Weekend C"]
[Site "Ceriano Laghetto ITA"]
[Date "2010.03.??"]
[Round "3"]
[White "Cervi, Massimiliano"]
[Black "Madaschi, Sergio"]
[Result "0-1"]
[WhiteElo "1440"]
[BlackElo "1541"]
[PlyCount "114"]
[EventDate "2010.03.26"]

1. d4 Nf6 2. Nf3 e6 3. e3 d5 4. Bd3 c5 5. b3 Nc6 6. O-O Be7 7. Re1 O-O 8. Bb2
Qc7 9. Nbd2 b6 10. c4 Nb4 11. Bc2 Nxc2 12. Qxc2 Bb7 13. Rab1 Rac8 14. Rec1 Qd7
15. Qd1 h6 16. Ne5 Qd6 17. h3 Nd7 18. Qe1 Bf6 19. Nxd7 Qxd7 20. Rd1 Qc6 21. Nf3
Rfd8 22. Qf1 Qc7 23. Ne5 Be7 24. Qe2 Bd6 25. f3 f6 26. Nd3 Qf7 27. e4 dxe4 28.
fxe4 cxd4 29. Bxd4 Bc7 30. Bb2 Qg6 31. e5 f5 32. Nf4 Qf7 33. Rbc1 Bc6 34. Rc3
Rxd1+ 35. Qxd1 Bxe5 36. Rc2 Bxf4 37. Re2 Be4 38. Bc1 Bxc1 39. Qxc1 Qc7 40. Rd2
Rd8 41. Qd1 Rxd2 42. Qxd2 Kf7 43. Qb4 Qc5+ 44. Qxc5 bxc5 45. a3 Ke7 46. b4 Kd6
47. Kf2 Bd3 48. Ke3 Bxc4 49. bxc5+ Kxc5 50. Kf4 Kd4 51. g3 g6 52. h4 e5+ 53.
Kf3 e4+ 54. Kf2 e3+ 55. Ke1 e2 56. Kd2 Ke4 57. Ke1 Kf3 0-1

[Event "XIX Weekend C"]
[Site "Ceriano Laghetto ITA"]
[Date "2010.03.??"]
[Round "3"]
[White "Molinelli, Luigi"]
[Black "Urso, Emanuele"]
[Result "0-1"]
[WhiteElo "1113"]
[BlackElo "1398"]
[PlyCount "72"]
[EventDate "2010.03.26"]

1. d4 Nf6 2. c4 d5 3. Nc3 e6 4. Qc2 Bb4 5. Bf4 Ne4 6. e3 Nc6 7. Nf3 Nxc3 8.
bxc3 Bd6 9. Bg5 Ne7 10. Bd3 g6 11. O-O Qd7 12. Ne5 Bxe5 13. dxe5 Rg8 14. Bf6 b6
15. Qc1 Bb7 16. Qb1 c5 17. a4 Nc6 18. f4 Ba6 19. Qa2 Na5 20. Be2 Nxc4 21. Bxc4
Bxc4 22. Qf2 Bxf1 23. Qxf1 h6 24. Qb1 a5 25. Qxb6 Rc8 26. Qxa5 Qc6 27. c4 Ra8
28. Qb5 Qxb5 29. cxb5 Kd7 30. Kf2 Ra5 31. e4 d4 32. Ke2 Rga8 33. Rc1 Rxa4 34.
Rxc5 Ra2+ 35. Kf3 R8a3+ 36. Kg4 Rxg2+ 0-1

[Event "XIX Weekend C"]
[Site "Ceriano Laghetto ITA"]
[Date "2010.03.??"]
[Round "3"]
[White "Monticelli, Francesco"]
[Black "Annoni, Tiziano"]
[Result "1-0"]
[WhiteElo "1590"]
[BlackElo "1473"]
[PlyCount "102"]
[EventDate "2010.03.26"]

1. e4 e5 2. Nf3 Nc6 3. Bc4 Bc5 4. O-O d6 5. c3 Nf6 6. d4 Bb6 7. d5 Nb8 8. h3
Nxe4 9. Be3 O-O 10. Bxb6 axb6 11. Bd3 Nc5 12. Bc2 e4 13. Nfd2 Qg5 14. Nxe4 Nxe4
15. Bxe4 Bxh3 16. Qd3 f5 17. Qxh3 fxe4 18. Qe6+ Kh8 19. Qxe4 Nd7 20. Na3 Nc5
21. Qd4 Rf4 22. Qd3 Raf8 23. Rad1 Nd7 24. Nb5 Ne5 25. Qg3 Rg4 26. f4 Qf5 27.
Qe3 Qc2 28. Rd2 Nc4 29. Qe7 Qf5 30. Rdf2 h5 31. Nxc7 h4 32. Ne6 Rf6 33. Ng5
Nxb2 34. Qe8+ Rf8 35. Qh5+ Kg8 36. Rxb2 h3 37. Qxh3 Rxg5 38. Qxf5 Rgxf5 39.
Rxb6 Rxd5 40. Rxb7 Ra8 41. Rb2 Ra3 42. Rc1 Rc5 43. Rbc2 Rc4 44. g3 Kf7 45. Kf2
Kf6 46. Ke3 Rca4 47. Ra1 Kf5 48. Kf3 Rc4 49. g4+ Kg6 50. Rd1 Raxc3+ 51. Rxc3
Rxc3+ 1-0

[Event "XIX Weekend C"]
[Site "Ceriano Laghetto ITA"]
[Date "2010.03.??"]
[Round "3"]
[White "Serrao, Piergiorgio"]
[Black "Vuckovic, Dimitrije"]
[Result "1-0"]
[WhiteElo "1497"]
[BlackElo "1577"]
[PlyCount "57"]
[EventDate "2010.03.26"]

1. d4 Nf6 2. c4 g6 3. Nc3 Bg7 4. e4 d6 5. Nf3 Nc6 6. d5 Ne5 7. Nxe5 dxe5 8. Be2
O-O 9. O-O a6 10. Re1 Bd7 11. Bf1 Qc8 12. f3 Rd8 13. Qb3 Rb8 14. a4 Ne8 15. Be3
e6 16. Rac1 Nf6 17. a5 Nh5 18. Qd1 b6 19. axb6 cxb6 20. b3 Bf8 21. Ne2 a5 22.
Kh1 Bc5 23. Qd2 Qc7 24. b4 Bxe3 25. Qxe3 Qd6 26. bxa5 bxa5 27. c5 Qf8 28. c6
Rb2 29. cxd7 1-0

[Event "XIX Weekend C"]
[Site "Ceriano Laghetto ITA"]
[Date "2010.03.??"]
[Round "3"]
[White "Vergano, Riccardo"]
[Black "Lisimberti, Giuseppe"]
[Result "1/2-1/2"]
[WhiteElo "1411"]
[BlackElo "1413"]
[PlyCount "85"]
[EventDate "2010.03.26"]

1. d4 d5 2. c4 Nf6 3. cxd5 Nxd5 4. e4 Nb6 5. Nc3 e6 6. Nf3 c6 7. Bd3 Be7 8. O-O
O-O 9. Be3 N8d7 10. e5 Nd5 11. Nxd5 cxd5 12. Nd2 f6 13. Qh5 g6 14. Qh3 f5 15.
Bh6 Rf7 16. f4 Qb6 17. Nb3 Nb8 18. Rad1 Bd7 19. Be2 Bb5 20. Bxb5 Qxb5 21. Rf3
Nc6 22. Rg3 Qe2 23. Ra1 Qxb2 24. Rd3 Nxd4 25. Rxd4 Bc5 26. Rad1 Bb6 27. Kh1
Bxd4 28. Nxd4 Rc8 29. Nxe6 Rc1 30. Qf3 Rd7 31. h3 Rc2 32. Rxd5 Rf2 33. Rxd7
Rxf3 34. gxf3 Qa1+ 35. Kg2 Qxa2+ 36. Kg3 Qxe6 37. Rxb7 a5 38. Bg5 Qa6 39. Re7
a4 40. Re8+ Kf7 41. Re7+ Kg8 42. Re8+ Kg7 43. Re7+ 1/2-1/2

[Event "XIX Weekend C"]
[Site "Ceriano Laghetto ITA"]
[Date "2010.03.??"]
[Round "4"]
[White "Bertuolo, Sergio"]
[Black "Monticelli, Francesco"]
[Result "0-1"]
[WhiteElo "1559"]
[BlackElo "1590"]
[PlyCount "46"]
[EventDate "2010.03.26"]

1. e4 c6 2. d4 d5 3. Nc3 dxe4 4. Nxe4 Bf5 5. Ng3 Bg6 6. Nf3 Nd7 7. Nh4 e6 8.
Nxg6 hxg6 9. Bf4 Ngf6 10. Be2 Nd5 11. Bd2 Qb6 12. c3 Bd6 13. O-O O-O-O 14. f4
Rh4 15. Qc1 Rdh8 16. h3 Qc7 17. Ne4 Bxf4 18. Bxf4 Nxf4 19. Rxf4 Rxf4 20. Qe3
Nf6 21. Ng5 Nd5 22. Qd2 Qe7 23. Ne4 Rxe4 0-1

[Event "XIX Weekend C"]
[Site "Ceriano Laghetto ITA"]
[Date "2010.03.??"]
[Round "4"]
[White "Lisimberti, Giuseppe"]
[Black "Molinelli, Luigi"]
[Result "1-0"]
[WhiteElo "1413"]
[BlackElo "1113"]
[PlyCount "61"]
[EventDate "2010.03.26"]

1. e4 e6 2. e5 Nc6 3. Nf3 Nge7 4. d4 a6 5. Be3 d5 6. Bd3 Nf5 7. c3 Bd7 8. O-O
Be7 9. Qc2 g6 10. h3 Na7 11. Qd2 Qc8 12. Na3 c5 13. Rac1 c4 14. Bxf5 exf5 15.
Bh6 Nc6 16. Rce1 Nd8 17. Nc2 Ne6 18. Ng5 f4 19. Nxe6 Bxe6 20. Qxf4 Kd7 21. Bg7
Rg8 22. Bf6 Qf8 23. Re2 g5 24. Qf3 Qh6 25. Bxe7 f5 26. exf6 Qg6 27. Qg3 Ke8 28.
Rxe6 Kf7 29. Qd6 g4 30. Bf8 Rgxf8 31. Qe7+ 1-0

[Event "XIX Weekend C"]
[Site "Ceriano Laghetto ITA"]
[Date "2010.03.??"]
[Round "4"]
[White "Madaschi, Sergio"]
[Black "Serrao, Piergiorgio"]
[Result "0-1"]
[WhiteElo "1541"]
[BlackElo "1497"]
[PlyCount "36"]
[EventDate "2010.03.26"]

1. e4 e6 2. Qe2 Be7 3. f4 d5 4. d3 Nf6 5. e5 Nfd7 6. Nf3 c5 7. g3 Nc6 8. Bg2
O-O 9. O-O b5 10. Be3 b4 11. Nbd2 a5 12. Rfd1 Ba6 13. b3 Na7 14. Rac1 Nb5 15.
Nb1 d4 16. Bf2 Bb7 17. Ne1 Bxg2 18. Nxg2 a4 0-1

[Event "XIX Weekend C"]
[Site "Ceriano Laghetto ITA"]
[Date "2010.03.??"]
[Round "4"]
[White "Urso, Emanuele"]
[Black "Vergano, Riccardo"]
[Result "0-1"]
[WhiteElo "1398"]
[BlackElo "1411"]
[PlyCount "100"]
[EventDate "2010.03.26"]

1. e4 c5 2. Nf3 Nc6 3. Bb5 d6 4. Bxc6+ bxc6 5. d4 cxd4 6. Nxd4 Qc7 7. Nc3 e5 8.
Nf3 Nf6 9. Bg5 Be7 10. Bxf6 Bxf6 11. O-O O-O 12. Re1 Be7 13. Qd2 Bg4 14. Ng5 h6
15. h3 Bxg5 16. Qd3 Be6 17. Ne2 f5 18. c4 f4 19. f3 Rad8 20. Rac1 Qf7 21. b3
Qg6 22. Rf1 Bh4 23. Kh1 Bg3 24. Nxg3 fxg3 25. Rg1 Qh5 26. Qf1 Bxh3 27. gxh3
Rxf3 28. Qg2 Rdf8 29. Rgf1 Rxf1+ 30. Rxf1 Qg6 31. Rxf8+ Kxf8 32. Qf3+ Ke7 33.
Kg2 Qg5 34. Qd3 Qf4 35. Qe2 Ke6 36. Qg4+ Kf6 37. Qxg3 Qxe4+ 38. Kh2 Qe2+ 39.
Qg2 Qxg2+ 40. Kxg2 Kf5 41. Kf3 g5 42. b4 a6 43. a4 h5 44. b5 axb5 45. cxb5 cxb5
46. axb5 Ke6 47. b6 Kd7 48. Ke4 Kc6 49. b7 Kxb7 50. Kd5 Kc7 0-1

[Event "XIX Weekend C"]
[Site "Ceriano Laghetto ITA"]
[Date "2010.03.??"]
[Round "4"]
[White "Vuckovic, Dimitrije"]
[Black "Annoni, Tiziano"]
[Result "0-1"]
[WhiteElo "1577"]
[BlackElo "1473"]
[PlyCount "62"]
[EventDate "2010.03.26"]

1. Nf3 Nc6 2. c4 Nf6 3. d4 d5 4. b3 g6 5. Bb2 Bg7 6. g3 O-O 7. Bg2 Bf5 8. O-O
Re8 9. Nh4 Bg4 10. f3 Be6 11. Nd2 g5 12. cxd5 Nxd5 13. Nf5 Bxf5 14. e4 Ne3 15.
Qe2 Nxf1 16. exf5 Nxd2 17. Qxd2 Bxd4+ 18. Kh1 Bxb2 19. Qxb2 Qd4 20. Qc1 f6 21.
Qf1 Rad8 22. Re1 Nb4 23. Re4 Qc3 24. h4 Nxa2 25. hxg5 Qc1 26. Re1 Qxg5 27. g4
Qh4+ 28. Kg1 Qg3 29. Qc4+ Kf8 30. Qe6 Rd2 31. Re2 Rd1+ 0-1

[Event "XIX Weekend C"]
[Site "Ceriano Laghetto ITA"]
[Date "2010.03.??"]
[Round "4"]
[White "Zannini, Luigi"]
[Black "Cervi, Massimiliano"]
[Result "1/2-1/2"]
[WhiteElo "1446"]
[BlackElo "1440"]
[PlyCount "152"]
[EventDate "2010.03.26"]

1. e4 c5 2. Nf3 a6 3. Bc4 Nc6 4. a3 d6 5. d3 e6 6. Be3 Nf6 7. Nc3 Be7 8. d4
cxd4 9. Nxd4 O-O 10. Nf3 e5 11. Ng5 b5 12. Ba2 h6 13. Nf3 Bb7 14. Bd5 Qc8 15.
Nh4 Re8 16. Nf5 Bf8 17. Qf3 Nd4 18. Nxd4 exd4 19. Bxb7 Qxb7 20. Bxd4 Nxe4 21.
Nxe4 Qxe4+ 22. Be3 d5 23. Qxe4 Rxe4 24. O-O d4 25. Bd2 Bc5 26. Rfe1 Ree8 27. g3
Rec8 28. Re4 Bb6 29. c3 d3 30. Rd1 Re8 31. Rde1 Red8 32. Re7 Rd6 33. Re8+ Rxe8
34. Rxe8+ Kh7 35. Re4 Rf6 36. Be3 Re6 37. Rxe6 fxe6 38. Bd2 e5 39. Kg2 Kg6 40.
Kf3 Kf5 41. g4+ Ke6 42. Ke4 Bxf2 43. Kxd3 Bg1 44. h3 Bh2 45. Ke4 Kd6 46. b3 g5
47. c4 bxc4 48. bxc4 Kc5 49. Kd3 Bf4 50. Bb4+ Kc6 51. Bf8 a5 52. a4 Kb7 53.
Bxh6 Kb6 54. Bg7 Kc5 55. Bf6 Kb4 56. h4 gxh4 57. Bxh4 Kxa4 58. g5 Kb4 59. g6
Bh6 60. Be1+ Ka4 61. Bg3 Bg7 62. Be1 Bh8 63. Ke4 Kb3 64. Bxa5 Kxc4 65. Bc7 Bg7
66. Bxe5 Bf8 67. Kf5 Kd5 68. Ba1 Kd6 69. Kf6 Kd7 70. Kf7 Bh6 71. Bg7 Bg5 72.
Kg8 Ke7 73. Kh7 Ke8 74. Bh6 Bf6 75. Bg5 Be5 76. Kg8 Bd4 1/2-1/2

[Event "XIX Weekend C"]
[Site "Ceriano Laghetto ITA"]
[Date "2010.03.??"]
[Round "5"]
[White "Annoni, Tiziano"]
[Black "Madaschi, Sergio"]
[Result "1/2-1/2"]
[WhiteElo "1473"]
[BlackElo "1541"]
[PlyCount "94"]
[EventDate "2010.03.26"]

1. e4 c5 2. Nf3 d6 3. Bc4 Nf6 4. d3 g6 5. Bg5 Bg7 6. c3 O-O 7. h3 a6 8. Qd2 Re8
9. O-O b5 10. Bxf6 Bxf6 11. Bd5 Ra7 12. Re1 e6 13. Bb3 Nc6 14. d4 c4 15. Bc2 d5
16. e5 Bg7 17. Qe3 f5 18. Nbd2 Rf8 19. Qf4 Qe7 20. Nf1 h6 21. h4 Rf7 22. N1h2
Nd8 23. Kf1 Rf8 24. Ke2 Nf7 25. g4 g5 26. Qg3 f4 27. Qh3 gxh4 28. Nxh4 Ng5 29.
Ng6 Nxh3 30. Nxe7+ Rxe7 31. Nf3 Ng5 32. Nh4 Rd8 33. f3 Bd7 34. Ng6 Rf7 35. Rh1
Nh7 36. Rag1 Nf8 37. g5 hxg5 38. Rxg5 Nxg6 39. Bxg6 Re7 40. Bh7+ Kf8 41. Rhg1
Be8 42. R1g4 Rdd7 43. Rxf4+ Rf7 44. Rfg4 Rfe7 45. Rf4+ Bf7 46. Rh4 Bg8 47. Bg6
Bf7 1/2-1/2

[Event "XIX Weekend C"]
[Site "Ceriano Laghetto ITA"]
[Date "2010.03.??"]
[Round "5"]
[White "Lisimberti, Giuseppe"]
[Black "Urso, Emanuele"]
[Result "1-0"]
[WhiteElo "1413"]
[BlackElo "1398"]
[PlyCount "85"]
[EventDate "2010.03.26"]

1. e4 c5 2. c3 e5 3. Nf3 Nc6 4. Bc4 h6 5. O-O d6 6. Re1 Bg4 7. d3 Qf6 8. Be3
Bxf3 9. Qxf3 Qxf3 10. gxf3 Be7 11. f4 f6 12. Be6 Nd8 13. Bd5 h5 14. Nd2 g5 15.
fxg5 fxg5 16. Kh1 Nf6 17. Nf3 Nxd5 18. exd5 Rg8 19. Rg1 Nf7 20. Nd2 O-O-O 21.
c4 g4 22. f3 Bg5 23. Bxg5 Nxg5 24. fxg4 Nh3 25. Rg2 Rdf8 26. Rf1 Rxf1+ 27. Nxf1
Rf8 28. Rd2 Nf2+ 29. Kg2 Nxg4 30. h3 Nh6 31. h4 Nf5 32. Kh3 Nxh4 33. Kxh4 Rxf1
34. Kxh5 Kd7 35. Rc2 Ke7 36. Rg2 Rf7 37. Rg6 Rf6 38. Rg7+ Rf7 39. Kg6 Rxg7+ 40.
Kxg7 b6 41. b3 a6 42. a4 a5 43. Kg6 1-0

[Event "XIX Weekend C"]
[Site "Ceriano Laghetto ITA"]
[Date "2010.03.??"]
[Round "5"]
[White "Serrao, Piergiorgio"]
[Black "Monticelli, Francesco"]
[Result "0-1"]
[WhiteElo "1497"]
[BlackElo "1590"]
[PlyCount "68"]
[EventDate "2010.03.26"]

1. d4 Nf6 2. c4 e5 3. dxe5 Ng4 4. e3 Nxe5 5. a3 g6 6. Bd2 f6 7. Bc3 Nbc6 8. f4
Nf7 9. Nf3 Qe7 10. Qd3 d6 11. Nbd2 Bf5 12. e4 Bd7 13. Be2 Bh6 14. g3 Bg7 15.
O-O-O O-O 16. Rde1 Rab8 17. Bd1 a6 18. h3 b5 19. g4 bxc4 20. Nxc4 Be6 21. Na5
Nxa5 22. Bxa5 Rb5 23. Bb4 Rfb8 24. Nd4 R5b6 25. Bc3 Bd7 26. f5 Ne5 27. Qb1 Bh6+
28. Kc2 Ba4+ 29. b3 Bxb3+ 30. Nxb3 Rxb3 31. Qa2 Qf7 32. Bb4 Rc3+ 33. Kb1 Rc1+
34. Kb2 Nd3# 0-1

[Event "XIX Weekend C"]
[Site "Ceriano Laghetto ITA"]
[Date "2010.03.??"]
[Round "5"]
[White "Vergano, Riccardo"]
[Black "Cervi, Massimiliano"]
[Result "1/2-1/2"]
[WhiteElo "1411"]
[BlackElo "1440"]
[PlyCount "53"]
[EventDate "2010.03.26"]

1. d4 d5 2. c4 e6 3. Nc3 Nf6 4. Bg5 Nbd7 5. Nf3 Be7 6. e3 O-O 7. Bd3 c6 8. Qa4
Qb6 9. b3 Qa6 10. O-O Qxa4 11. Nxa4 Re8 12. Ne5 Nxe5 13. dxe5 Ne4 14. Bxe7 Rxe7
15. Bxe4 dxe4 16. Nc3 b6 17. Rad1 Rd7 18. Nxe4 Rxd1 19. Rxd1 Bb7 20. Nc3 h6 21.
h3 a6 22. a4 Ra7 23. Rd8+ Kh7 24. Rd6 Kg8 25. Rd8+ Kh7 26. Rd6 Kg8 27. Rd8+
1/2-1/2

[Event "XIX Weekend C"]
[Site "Ceriano Laghetto ITA"]
[Date "2010.03.??"]
[Round "5"]
[White "Zannini, Luigi"]
[Black "Vuckovic, Dimitrije"]
[Result "1-0"]
[WhiteElo "1446"]
[BlackElo "1577"]
[PlyCount "67"]
[EventDate "2010.03.26"]

1. e4 c5 2. Bc4 d6 3. Nf3 Nc6 4. a3 Nf6 5. Nc3 a6 6. d3 e5 7. Ng5 Qc7 8. Bxf7+
Ke7 9. Bd5 Nd4 10. Nf3 Nc6 11. Bg5 Bg4 12. Ba2 Kd7 13. h3 Bh5 14. g4 Bg6 15.
Nh4 Nd4 16. Nxg6 hxg6 17. Be3 Re8 18. Nd5 Nxd5 19. Bxd5 Kc8 20. c3 Ne6 21. Rb1
Nf4 22. Bxf4 exf4 23. b4 b5 24. a4 Qb6 25. a5 Qa7 26. g5 Rh4 27. Qf3 Re5 28.
Rg1 Qd7 29. Rg4 Rh5 30. h4 Qe7 31. Rxf4 Rh8 32. Rf7 Rf5 33. Rxe7 Rxf3 34. Ra7
1-0

[Event "XLII C.to Italiano a squadre A1.1"]
[Site "Legnano ITA"]
[Date "2010.03.26"]
[Round "1"]
[White "Marelli, Mauro"]
[Black "Castaldo, Folco"]
[Result "0-1"]
[WhiteElo "2256"]
[BlackElo "2407"]
[PlyCount "81"]
[EventDate "2010.03.26"]

1. c4 f5 2. d4 e6 3. Nf3 Nf6 4. Nc3 Bb4 5. Bd2 O-O 6. a3 Bxc3 7. Bxc3 Ne4 8.
Qd3 a5 9. d5 Na6 10. e3 Nac5 11. Qc2 d6 12. Bd4 e5 13. Bxc5 Nxc5 14. Be2 a4 15.
Nd2 Qg5 16. g3 Bd7 17. Qc3 Rae8 18. O-O-O f4 19. gxf4 exf4 20. Rdg1 Qf6 21.
Qxf6 Rxf6 22. e4 Nxe4 23. Nxe4 Rxe4 24. Bd3 Re5 25. Re1 Rxe1+ 26. Rxe1 Kf7 27.
f3 Rh6 28. Re2 Rh3 29. Rf2 Rh5 30. Bc2 Re5 31. Kd2 Re3 32. Bd1 Kf6 33. Rg2 g6
34. Rf2 Ke5 35. Rg2 Kd4 36. Be2 Bf5 37. Rg1 Bd3 38. Bxd3 Rxd3+ 39. Ke2 Re3+ 40.
Kf2 Rb3 41. Rd1+ 0-1

[Event "XLII C.to Italiano a squadre A1.1"]
[Site "ITA"]
[Date "2010.03.26"]
[Round "1"]
[White "Mariano, Elia"]
[Black "Cereda, Mauro K."]
[Result "0-1"]
[WhiteElo "2200"]
[BlackElo "1718"]
[PlyCount "102"]
[EventDate "2010.03.26"]

1. d4 d6 2. Nf3 f5 3. c4 Nf6 4. Nc3 g6 5. g3 Bg7 6. Bg2 O-O 7. O-O Nc6 8. b3 e5
9. Bb2 e4 10. Ne1 Ne7 11. Qc2 c6 12. Rd1 Be6 13. f3 d5 14. cxd5 cxd5 15. Qd2
Qd6 16. Nc2 Rfe8 17. Ba3 Qd7 18. Na4 b6 19. Nb4 Rac8 20. Rc1 Bf7 21. Rxc8 Nxc8
22. Rc1 Nd6 23. Bb2 Rc8 24. Rxc8+ Qxc8 25. Qc3 Be8 26. Qxc8 Nxc8 27. Nc3 Ne7
28. fxe4 dxe4 29. e3 a5 30. Nc2 b5 31. Bf1 b4 32. Nb5 Ned5 33. h3 Bf8 34. Bc4
Kg7 35. a4 g5 36. Na7 Bh5 37. Nc6 Bd1 38. Ne1 Nxe3 39. Be6 Bd6 40. Kf2 Nfd5 41.
Nxa5 f4 42. gxf4 gxf4 43. Ng2 Bf3 44. Bxd5 Nxd5 45. Nc4 Bb8 46. Nd2 e3+ 47.
Nxe3 fxe3+ 48. Kxf3 exd2 49. Ke2 Bf4 50. a5 Kf7 51. a6 Ke6 0-1

[Event "XLII C.to Italiano a squadre A1.1"]
[Site "Legnano ITA"]
[Date "2010.03.26"]
[Round "1"]
[White "Ranieri, Fabrizio"]
[Black "Radice, Luca"]
[Result "1/2-1/2"]
[WhiteElo "2285"]
[BlackElo "2019"]
[PlyCount "47"]
[EventDate "2010.03.26"]

1. e4 e6 2. d4 d5 3. Nc3 Bb4 4. e5 Qd7 5. a3 Bxc3+ 6. bxc3 b6 7. Nf3 Ba6 8.
Bxa6 Nxa6 9. O-O Nb8 10. Qd3 Qa4 11. Rb1 Nc6 12. Bf4 h6 13. h4 Nge7 14. Nd2
O-O-O 15. h5 g6 16. hxg6 Nxg6 17. Be3 Rdg8 18. Nf3 Ngxe5 19. Nxe5 Nxe5 20. dxe5
Rxg2+ 21. Kxg2 Qg4+ 22. Kh2 Qh4+ 23. Kg2 Qg4+ 24. Kh2 1/2-1/2